| 000 | 01516cad a22002655a 4500 | ||
|---|---|---|---|
| 008 | 250408e20250402xxk f 000 0 eng | | ||
| 041 | 0 | _aeng | |
| 100 | 1 | _aRyan, Sue | |
| 110 |
_aRoyal Institution of Chartered Surveyors _94900 |
||
| 245 | 0 | 0 |
_aCase law starts to clarify new building safety liability regime _h[electronic resource] |
| 260 |
_aLondon _bRICS _c2 April 2025 |
||
| 490 | 0 | _aConstruction Journal | |
| 520 | _aWhile building liability orders (BLOs) were introduced in 2022 as a way to enforce against safety defects, courts have given little guidance until three recent cases – including the first award of a BLO. Mentions Willmott Dixon v Prater and others [2024] EWHC 1190 (TCC); 381 Southwark Park Road RTM Company Ltd & Ors v Click St Andrews Ltd & Anor [2024] EWHC 3179 (TCC) issued in December 2024, in February 2025 in BDW Trading Ltd v Ardmore Construction Ltd & Ors [2025] EWHC 434 (TCC). The decision in BDW primarily addresses information orders under section 132 of the 2022 Act. | ||
| 650 | 2 | 4 | _aBUILDING LIABILITY ORDERS |
| 650 | 2 | 4 | _aBUILDING SAFETY ACT 2022 |
| 650 | 2 | 4 | _aBUILDING CONTROL |
| 650 | 2 | 4 | _aLITIGATION |
| 651 | 4 | _aUnited Kingdom | |
| 690 |
_aContracts _96232 |
||
| 700 | _aRyan, Sue | ||
| 700 | _aSmith, Louise | ||
| 710 |
_aRoyal Institution of Chartered Surveyors _94900 |
||
| 856 | 4 | 0 |
_uhttps://ww3.rics.org/uk/en/journals/construction-journal/building-safety-act-building-liability-orders.html _zRead RICS Construction Journal article |
| 942 |
_n0 _2ddc |
||
| 999 |
_c122137 _d122137 |
||